00641cam a2200205 a 450000100100000000500170001000800410002704000250006808200200009310000240011324500650013726000310020230000280023349000530026149000060031465000270032065000270034783000550037483000060042900001167920200929162527.0811203s1970 sp a 000 0 spa  aDO-SdBNPbspacBNPHU a658.5421bR934c1 aRuiz Recio, Rafael.10aCómo calcular los tiempos de trabajo /cRafael Ruiz Recio. aEspaña :bDeusto,c1970. a169 p. :bil. ;c22 cm.1 aManuales prácticos de gestión de empresasv61 aB 4aAnálisis ocupacional 4aMedición del trabajo 0aManuales prácticos de gestión de empresas ;n6 0aB